Imiona francuskich piłkarzy z gry FIFA 20 - Statystyki

Ogólne statystyki
  • Ten quiz został rozwiązany 524 razy
  • Średni wynik to 16 z 24
Statystyki odpowiedzi
Nazwisko Imię % Poprawnych
Mbappe Kylian
100%
Pogba Paul
98%
Giroud Olivier
95%
Benzema Karim
93%
Ribery Frank
92%
Umtiti Samuel
90%
Varane Raphael
89%
Zidane Zinedine
89%
Kante Ngolo
87%
Lloris Hugo
86%
Henry Thierry
77%
Coman Kingsley
76%
Dembele Ousmane
75%
Griezmann Antoine
68%
Payet Dimitri
66%
Pires Robert
64%
Martial Anthony
63%
Blanc Laurent
63%
Desailly Marcel
63%
Matuidi Blaise
62%
Zouma Kurt
62%
Trezeguet David
61%
Nasri Samir
59%
Mendy Ferland
58%
Sissoko Moussa
58%
Ben Yedder Wissam
56%
Lemar Thomas
55%
Lacazette Alexandre
52%
Modeste Anthony
50%
Gamero Kevin
48%
Malcuit Kevin
47%
Makalele Claude
46%
Lala Kenny
43%
Tolisso Corentin
42%
Laporte Aymeric
41%
Clichy Gael
40%
Petit Emmanuel
35%
Thauvin Florian
32%
Schneiderlin Morgan
29%
Ikone Jonathan
26%
Sarr Malang
24%
Kurzawa Layvin
23%
N'Zonzi Steven
23%
Valbuena Mathieu
21%
Remy Loic
20%
Bakayoko Tiemoue
15%
Plea Alassane
14%
Perrin Loic
10%
Doucoure Abdoulaye
8%
Sidibe Djibril
6%
Nie znaleziono quizów pasujących do podanych kryteriów
Rozkład punktacji
Procent ludzi z każdym wynikiem
Percentyl według liczby udzielonych odpowiedzi
Twoja historia wyników
Nie rozwiązałeś tego quizu